header

Piezoelectric energy harvesting (Record no. 119757)

MARC details
000 -LEADER
fixed length control field 01290nam a2200361Ia 4500
082 04 - DEWEY DECIMAL CLASSIFICATION NUMBER
Classification number 621.31/3
100 1# - MAIN ENTRY--AUTHOR NAME
Personal name Erturk, Alper.
245 10 - TITLE STATEMENT
Title Piezoelectric energy harvesting
260 ## - PUBLICATION, DISTRIBUTION, ETC. (IMPRINT)
Place of publication Chichester :
Name of publisher Wiley,
Year of publication 2011.
300 ## - PHYSICAL DESCRIPTION
Number of Pages xx, 392 p. :
Other physical details ill.
650 #0 - SUBJECT ADDED ENTRY--TOPICAL TERM
Topical Term Piezoelectric transducers.
Topical Term Electric generators.
Topical Term Piezoelectricity.
Topical Term Energy harvesting.
700 1# - ADDED ENTRY--PERSONAL NAME
Personal name Inman, D. J.
856 40 - ELECTRONIC LOCATION AND ACCESS
Uniform Resource Identifier http://site.ebrary.com/lib/rucke/Doc?id=10510441

No items available.

© 2026 Rongo University
Contact us: librarian | system librarian | Rongo university